Kadunud allveelaev Kalev

Titel: Kadunud allveelaev Kalev / Hanno Ojalo
Verfasser:
Veröffentlicht: [Tallinn] : Ammukaar, 2026
Umfang: 112 Seiten : Illustrationen, Karten
Format: Buch
Sprache: Estnisch
Schlagworte:
ISBN: 9789916689486
Buchumschlag
X
alg: 54232955
001A    $03004:20-02-26 
001B    $01999:24-03-26 $t21:03:59.000 
001D    $01999:24-03-26 
001U    $0utf8 
001X    $00 
002@    $0Aay 
002C    $aText $btxt $2rdacontent 
002D    $aohne Hilfsmittel zu benutzen $bn $2rdamedia 
002E    $aBand $bnc $2rdacarrier 
003@    $0542329557 
004A    $A9789916689486 
007A    $0542329557 $aHEB 
010@    $aest 
010E    $erda 
011@    $a2026 
013D    $RSchulbuch $74153488-8 $8Fachkunde [Ts1] $9085644463 
021A    $aKadunud allveelaev Kalev $hHanno Ojalo 
028A    $BVerfasser $4aut $71045770655 $8Ojalo, Hanno$Z1961- [Tp3] $9334835518 
033A    $p[Tallinn] $nAmmukaar 
034D    $a112 Seiten 
034M    $aIllustrationen, Karten 
037A    $aLiteraturangaben 
045F    $a355.009479809044 $eDDC23BSB 
045F/01 $a355.009 
045F/03 $f09043 
045F/03 $f09044 
045F/03 $g4798 

lok: 54232955 24

exp: 54232955 24 1 #EPN
201B/01 $024-03-26 $t09:49:42.000 
201C/01 $020-02-26 
201U/01 $0utf8 
203@/01 $01335443908 
208@/01 $a24-03-26 $bz 
209A/01 $a26.01166 $du $f050 $h26 01166 $x00 
209B/01 $a2026-lumi-03 $x05 
209C/01 $a26.01166 K $h26 01166 K 
209G/01 $a74855377 $x00 
220C/01 $akoe 
247C/01 $8358050-7 Marburg, Bibliothek des Herder-Instituts Marburg $9102600961
LEADER 00000cam a22000002c 4500
001 542329557
003 DE-603
005 20260324210359.0
007 tu
008 260220s2026 xx |||| | u00||u|est c
020 |a 9789916689486 
035 |a (DE-599)HEB542329557 
040 |a DE-603  |b ger  |c DE-603  |d DE-603  |e rda 
041 |a est 
082 0 4 |8 1\u  |a 355.009479809044  |q DE-101  |2 23/BSB 
085 |8 1\u  |b 355.009 
085 |8 1\u  |z 1  |s 09043 
085 |8 1\u  |z 1  |s 09044 
085 |8 1\u  |z 2  |s 4798 
100 1 |a Ojalo, Hanno  |d 1961-  |e Verfasser  |4 aut  |0 (DE-603)334835518  |0 (DE-588)1045770655  |2 gnd 
245 0 0 |a Kadunud allveelaev Kalev  |c Hanno Ojalo 
264 1 |a [Tallinn]  |b Ammukaar  |c 2026 
300 |a 112 Seiten  |b Illustrationen, Karten 
336 |a Text  |b txt  |2 rdacontent 
337 |a ohne Hilfsmittel zu benutzen  |b n  |2 rdamedia 
338 |a Band  |b nc  |2 rdacarrier 
500 |a Literaturangaben 
655 7 |a Fachkunde  |2 gnd-content  |0 (DE-588)4153488-8  |0 (DE-603)085644463 
924 0 |9 Mb 50  |a (DE-603)1335443908  |b DE-Mb50  |c HES  |d c  |g 26.01166